ՄԱՅՐ ԱԹՈՌ ՍՈՒՐԲ ԷՋՄԻԱԾԻՆ

«ՎԱՉԵ ԵՎ ԹԱՄԱՐ ՄԱՆՈՒԿՅԱՆ» ՄԱՏԵՆԱԴԱՐԱՆ

Վէպիկներ : (Record no. 50535)

MARC details
000 -LEADER
fixed length control field 00956nam a22002417a 4500
003 - CONTROL NUMBER IDENTIFIER
control field SEM
005 - DATE AND TIME OF LATEST TRANSACTION
control field 20230306113308.0
008 - FIXED-LENGTH DATA ELEMENTS--GENERAL INFORMATION
fixed length control field 220331s1913 gs ||||gr||||||01|0|arm|d
040 ## - CATALOGING SOURCE
Original cataloging agency SEM
Transcribing agency SEM
041 ## - LANGUAGE CODE
Language code of text/sound track or separate title arm
080 ## - UNIVERSAL DECIMAL CLASSIFICATION NUMBER
Universal Decimal Classification number 891.981-3/Մ-35
100 ## - MAIN ENTRY--PERSONAL NAME
Personal name Մարգար
Titles and words associated with a name (1880-1944)
Fuller form of name (Ավետիսյան Մարգար Մկրտչի)
245 ## - TITLE STATEMENT
Title Վէպիկներ :
Remainder of title Քեռին: Նամակ: Բուքը: Կայէնը /
Statement of responsibility, etc. Մարգար
246 ## - VARYING FORM OF TITLE
Title proper/short title [Վեպիկներ] /
260 ## - PUBLICATION, DISTRIBUTION, ETC.
Place of publication, distribution, etc. Թիֆլիս :
Name of publisher, distributor, etc. տպ. Ն. Աղանեանի,
-- Կովկասի հայոց հրատ. ընկ.,
Date of publication, distribution, etc. 1913.
300 ## - PHYSICAL DESCRIPTION
Extent 106 էջ ;
Dimensions 19 սմ
490 ## - SERIES STATEMENT
Series statement Հանրային մատենադարան
Volume/sequential designation 18
650 ## - SUBJECT ADDED ENTRY--TOPICAL TERM
Topical term or geographic name entry element Հայ գրականություն
General subdivision արձակ
653 ## - INDEX TERM--UNCONTROLLED
Uncontrolled term ՍԷՄ
830 ## - SERIES ADDED ENTRY--UNIFORM TITLE
Uniform title Հանրային մատենադարան
Volume/sequential designation 18
856 ## - ELECTRONIC LOCATION AND ACCESS
Uniform Resource Identifier <a href="https://haygirk.nla.am/upload/1512-1940/1901-1940/vepikner_margar_1913.pdf">https://haygirk.nla.am/upload/1512-1940/1901-1940/vepikner_margar_1913.pdf</a>
Link text Կարդալ առցանց
942 ## - ADDED ENTRY ELEMENTS (KOHA)
Source of classification or shelving scheme Universal Decimal Classification
Koha item type Գրքեր/Books
Holdings
Withdrawn status Lost status Source of classification or shelving scheme Damaged status Not for loan Collection code Home library Current library Date acquired Cost, normal purchase price Inventory number Total Checkouts Full call number Barcode Date last seen Price effective from Koha item type Public note
    Universal Decimal Classification     Գրապահոց Մայր Աթոռ Սուրբ Էջմիածին «Վաչե և Թամար Մանուկյան» Մատենադարան Մայր Աթոռ Սուրբ Էջմիածին «Վաչե և Թամար Մանուկյան» Մատենադարան 31/03/2022 400.00 19762   891.981-3/Մ-35 19762 16/11/2014 16/11/2014 Գրքեր/Books Սպասարկվում է ընթերցասրահ
    Universal Decimal Classification     Գրապահոց Մայր Աթոռ Սուրբ Էջմիածին «Վաչե և Թամար Մանուկյան» Մատենադարան Մայր Աթոռ Սուրբ Էջմիածին «Վաչե և Թամար Մանուկյան» Մատենադարան 17/11/2022 2000.00 34228   891.981-3/Մ-35 34228 17/11/2022 17/11/2022 Գրքեր/Books Սպասարկվում է ընթերցասրահ
    Universal Decimal Classification     Գրապահոց Մայր Աթոռ Սուրբ Էջմիածին «Վաչե և Թամար Մանուկյան» Մատենադարան Մայր Աթոռ Սուրբ Էջմիածին «Վաչե և Թամար Մանուկյան» Մատենադարան 17/11/2022 2000.00 34229   891.981-3/Մ-35 34229 17/11/2022 17/11/2022 Գրքեր/Books Սպասարկվում է ընթերցասրահ